Statistics for All Dua Lipa Singles songs

Click here to take the quiz!

General Stats

  • This quiz has been taken 7 times
  • The average score is 7 of 26

Answer Stats

Year of ParutionName of The Song% Correct
2020Levitating
100%
2023Dance the Night
83%
2019Don't Start Now
83%
2020Break My Heart
67%
2017New Rules
67%
2020Physical
67%
2021Cold Heart
33%
2021Love Again
33%
2018One Kiss
33%
2015Be the One
17%
2016Blow your Mind
17%
2020Fever
17%
2017Homesick
17%
2018IDGAF
17%
2018Electricity
0%
2020Hallucinate
0%
2016Hotter than Hell
0%
2016Last Dance
0%
2017Lost in your light
0%
2015New Love
0%
2020One Day
0%
2022Potion
0%
2017Scared to be Lonely
0%
2019Swan Song
0%
2022Sweeting Pie
0%
2021We're Good
0%

Score Distribution

Percentile by Number Answered

Percent of People with Each Score

Your Score History

You have not taken this quiz